La réponse est Col... - Statistiques

Statistiques générales
  • Ce quiz a été pris 2 035 fois
    1 830 depuis la dernière actualisation
  • Le résultat moyen est 10 sur 14
Statistiques - réponses
Indice Réponse % Correct
Bogota en est la capitale La Colombie
98%
Oiseau symbole de paix La colombe
97%
Monument romain Le Colisée
91%
Ville allemande connue pour son "eau" Cologne
88%
Oiseau le plus petit du monde Le colibri
88%
État américain dont la capitale est Denver Le Colorado
86%
Groupe anglais auteur de la chanson "Viva la Vida" en 2008 Coldplay
83%
Ville préfecture du Haut-Rhin Colmar
74%
Sa candidature aux élections présidentielles en 1981 a beaucoup fait parler Coluche
65%
Célèbre inspecteur d'une série télévisée Columbo
62%
Ancienne statue en bronze d'Hélios, faisant partie des Sept Merveilles du monde le Colosse de Rhodes
57%
Femme de lettre française qui fut également mime, actrice et journaliste Colette
53%
Système économique tirant son nom d'un des principaux ministres de Louis XIV, reposant sur le protectionnisme, le développement de l'industrie et du commerce extérieur Le colbertisme
29%
Ours de fiction crée par Olga Pouchine dans les années 1950 Colargol
13%
Aucun quiz correspondant
Distribution des résultats
% des personnes avec chaque résultat
Percentile par nombre de réponses
Votre historique - résultats
Vous n’avez pas pris ce quiz depuis la dernière actualisation